[Event "Budapest FS10 GM"]
[White "Vitor, Antonio Pedro Caste"]
[Black "Eisenbeiser, Amadeus"]
[Site "Budapest"]
[Round "6"]
[Result "1-0"]
[Date "2006.10.12"]
[WhiteElo "2414"]
[BlackElo "2349"]
[PlyCount "137"]
[EventDate "2006.10.07"]
[EventType "tourn"]
[EventRounds "9"]
[EventCountry "HUN"]
[EventCategory "7"]
[SourceTitle "CBM 114 Extra"]
[Source "ChessBase"]
[SourceDate "2006.11.03"]
[SourceVersion "1"]
[SourceVersionDate "2006.11.03"]
[SourceQuality "1"]

1. b3 e5 2. Bb2 Nc6 3. e3 d6 4. Nf3 Nf6 5. d4 e4 6. d5 Ne7 7. Nfd2 Bg4 8. Be2 Bxe2 9. Qxe2 Nexd5 10. Qb5+ c6 11. Qxb7 Qc8 12. Qxc8+ Rxc8 13. Na3 Be7 14. c3 0-0 15. Nc2 c5 16. c4 Nb6 17. Na3 Nbd7 18. Ke2 Rfe8 19. Rhd1 Bf8 20. Nf1 a6 21. h3 h5 22. Rd2 h4 23. g3 Ne5 24. Bxe5 Rxe5 25. gxh4 g6 26. Ng3 Be7 27. Nb1 Ne8 28. Nc3 Nf6 29. Rad1 Bf8 30. Nd5 Nd7 31. Nc3 Nf6 32. Rg1 Kh7 33. Kd1 Be7 34. Kc2 Rh8 35. h5 gxh5 36. Nge2 Rg8 37. Rxg8 Kxg8 38. Nf4 Bf8 39. Rd1 Kh7 40. Kd2 Bh6 41. Ke2 Bf8 42. Ra1 Re8 43. Rd1 Re5 44. Na4 Ne8 45. Nb6 Bh6 46. Nbd5 Kg7 47. Rg1+ Kh7 48. f3 exf3+ 49. Kxf3 Kh8 50. Rd1 Bxf4 51. exf4 Re6 52. Rg1 Kh7 53. Rg5 Kh6 54. Ne3 Ng7 55. Rd5 Rf6 56. h4 Kg6 57. Rg5+ Kh7 58. f5 Kg8 59. Ke4 Kf8 60. a3 Rh6 61. b4 Ne8 62. Nd5 f6 63. Rg3 Rh7 64. b5 axb5 65. cxb5 Ra7 66. Rb3 Ra4+ 67. Kf3 Rxh4 68. Nf4 c4 69. Rb1 1-0

[Event "Budapest FS10 GM"]
[White "Toth, Ervin"]
[Black "Vitor, Antonio Pedro Caste"]
[Site "Budapest"]
[Round "3"]
[Result "1-0"]
[Date "2006.10.09"]
[WhiteElo "2331"]
[BlackElo "2414"]
[PlyCount "105"]
[EventDate "2006.10.07"]
[EventType "tourn"]
[EventRounds "9"]
[EventCountry "HUN"]
[EventCategory "7"]
[SourceTitle "CBM 114 Extra"]
[Source "ChessBase"]
[SourceDate "2006.11.03"]
[SourceVersion "1"]
[SourceVersionDate "2006.11.03"]
[SourceQuality "1"]

1. d4 d5 2. c4 dxc4 3. Nc3 Nf6 4. Nf3 a6 5. a4 Nc6 6. e4 Bg4 7. d5 Ne5 8. Bf4 Bxf3 9. gxf3 Nfd7 10. Be3 e6 11. f4 Nd3+ 12. Bxd3 cxd3 13. dxe6 fxe6 14. Qxd3 Bb4 15. Qc4 Qe7 16. Qxc7 Nc5 17. Qxe7+ Kxe7 18. Ke2 Nb3 19. Rad1 Rhc8 20. Rhg1 g6 21. f5 Bxc3 22. bxc3 exf5 23. exf5 Rc6 24. Rb1 Na5 25. Bd4 Kf7 26. Rg5 b6 27. fxg6+ hxg6 28. Rxb6 Rxb6 29. Bxb6 Nc4 30. Bd4 Nb2 31. a5 Re8+ 32. Re5 Rxe5+ 33. Bxe5 Ke6 34. Bc7 Kd7 35. Bf4 Nc4 36. Kd3 Nxa5 37. Kd4 Kc6 38. Ke5 Nb3 39. Bh6 a5 40. Bf8 Nc5 41. Bh6 Nb3 42. Kf6 a4 43. Bf8 Nc5 44. Kxg6 a3 45. c4 a2 46. Bg7 Nb3 47. h4 Kc5 48. Bb2 Kxc4 49. h5 Kd3 50. h6 Kc2 51. Be5 Kd3 52. h7 Nd4 53. Bxd4 1-0

[Event "POR-chT 48th"]
[White "Vitor, Antonio Pedro Caste"]
[Black "Dias, Paulo Jorge Guimara"]
[Site "Evora"]
[Round "8"]
[Result "1-0"]
[Date "2006.07.29"]
[WhiteElo "2414"]
[BlackElo "2363"]
[PlyCount "242"]
[EventDate "2006.07.22"]
[EventType "team-tourn"]
[EventRounds "9"]
[EventCountry "POR"]
[SourceTitle "CBM 113 Extra"]
[Source "ChessBase"]
[SourceDate "2006.09.14"]
[SourceVersion "1"]
[SourceVersionDate "2006.09.14"]
[SourceQuality "1"]

1. Nf3 d5 2. d4 Nf6 3. c4 c6 4. e3 g6 5. Nc3 Bg7 6. Be2 0-0 7. 0-0 a6 8. Bd2 Ne4 9. Rc1 Nxd2 10. Nxd2 dxc4 11. Nxc4 b5 12. Nd2 Qb6 13. Qb3 Be6 14. Bc4 Bxc4 15. Nxc4 Qd8 16. Ne5 c5 17. Qd5 cxd4 18. exd4 Ra7 19. Qe4 Qd6 20. Qe3 Rd8 21. Ne4 Qb6 22. Nc5 Rc7 23. b4 Rcc8 24. a3 Bf6 25. Rcd1 Bxe5 26. dxe5 Rxd1 27. Rxd1 Rd8 28. Rc1 Rc8 29. h4 Qc6 30. Rd1 a5 31. e6 fxe6 32. h5 axb4 33. axb4 Na6 34. hxg6 Nxc5 35. gxh7+ Kh8 36. Rc1 Qd6 37. bxc5 Qd5 38. Qc3+ Kxh7 39. c6 b4 40. Qxb4 Rxc6 41. Qxe7+ Kh6 42. Qf8+ Kh7 43. Qf7+ Kh6 44. Qf6+ Kh7 45. Qh4+ Kg6 46. Qg4+ Kf6 47. Rd1 Rc4 48. Qe2 Re4 49. Qf3+ Qf5 50. Qc3+ Qe5 51. Qd2 Kg6 52. Rc1 Re2 53. Qd3+ Kf6 54. Qd8+ Kg6 55. Qg8+ Kh6 56. Qf8+ Kg6 57. Qb4 Re4 58. Qb1 Kh6 59. g3 Re2 60. Qb4 Rb2 61. Qh4+ Kg6 62. Qg4+ Kh6 63. Qf3 Re2 64. Kf1 Re4 65. Kg2 Kg6 66. Rc8 Qf5 67. Qc3 Re5 68. Rc4 Re2 69. Rf4 Qd5+ 70. Qf3 Qxf3+ 71. Kxf3 Ra2 72. Rf8 Ra4 73. Rf4 Ra2 74. Kg4 Ra5 75. Rf8 Ra4+ 76. Rf4 Ra5 77. Re4 Kf6 78. f4 Ra3 79. Re5 Rb3 80. Rh5 Kg6 81. Ra5 Kf6 82. Kh4 Rf3 83. Rh5 Rf1 84. Kg4 Kg6 85. Ra5 Kf6 86. Ra2 Rb1 87. Rh2 Kg6 88. Rh8 Rb3 89. Kh4 Rb4 90. Rh5 Rb1 91. Kg4 Rb3 92. Rh1 Ra3 93. Rf1 Rb3 94. Rf3 Rb1 95. Re3 Kf6 96. Kf3 Rb6 97. g4 Rb5 98. Rc3 Ra5 99. Kg3 Ra1 100. Rd3 Rg1+ 101. Kf3 Ra1 102. Ke4 Re1+ 103. Re3 Ra1 104. g5+ Kf7 105. Rh3 Ra4+ 106. Kf3 Kg7 107. Rh6 Kf7 108. Rh7+ Kf8 109. Rb7 Rc4 110. g6 Ra4 111. Rf7+ Ke8 112. Rh7 Kf8 113. Rc7 Rb4 114. Ra7 Rc4 115. Rf7+ Ke8 116. Kg4 e5 117. Kg5 exf4 118. Kh6 f3 119. Rxf3 Rh4+ 120. Kg7 Re4 121. Kh8 Rh4+ 1-0

[Event "POR-chT 48th"]
[White "Cadillon, Joao"]
[Black "Vitor, Antonio Pedro Caste"]
[Site "Evora"]
[Round "7"]
[Result "0-1"]
[Date "2006.07.28"]
[WhiteElo "1882"]
[BlackElo "2414"]
[PlyCount "120"]
[EventDate "2006.07.22"]
[EventType "team-tourn"]
[EventRounds "9"]
[EventCountry "POR"]
[SourceTitle "CBM 113 Extra"]
[Source "ChessBase"]
[SourceDate "2006.09.14"]
[SourceVersion "1"]
[SourceVersionDate "2006.09.14"]
[SourceQuality "1"]

1. Nf3 d5 2. d4 Nf6 3. g3 g6 4. Bg2 Bg7 5. 0-0 0-0 6. c4 dxc4 7. Nc3 Nbd7 8. e4 Nb6 9. a4 a5 10. h3 Nfd7 11. Bg5 Re8 12. Qd2 Nf8 13. Rad1 Bd7 14. Qc2 Qc8 15. Kh2 Ne6 16. Be3 Nd8 17. d5 e5 18. Nb5 Bxb5 19. axb5 Qd7 20. d6 Qxb5 21. dxc7 Ne6 22. Bxb6 Qxb6 23. Qxc4 Rec8 24. Rd7 Rxc7 25. Rxc7 Qxc7 26. Qxc7 Nxc7 27. Rd1 b5 28. Rd7 Ne6 29. Bf1 Nc5 30. Rd5 Nxe4 31. Rxb5 Nxf2 32. Nxe5 Nd1 33. b3 Ne3 34. Bd3 Rd8 35. Bc4 Bxe5 36. Rxe5 Nxc4 37. bxc4 Ra8 38. c5 a4 39. c6 a3 40. c7 Rc8 41. Ra5 Rxc7 42. Rxa3 Rc2+ 43. Kg1 h5 44. Ra7 Kg7 45. Rb7 Rc4 46. h4 Rc2 47. Ra7 Kf6 48. Ra5 Re2 49. Rb5 Re5 50. Rb6+ Kf5 51. Kf2 Kg4 52. Rb4+ Kh3 53. Rf4 f5 54. Rd4 Ra5 55. Rd3 Ra1 56. Rc3 Ra4 57. Rd3 Kg4 58. Rc3 Ra2+ 59. Kf1 Kh3 60. Rd3 Rg2 0-1

[Event "POR-chT 48th"]
[White "Vitor, Antonio Pedro Caste"]
[Black "Rocha, Sergio MC"]
[Site "Evora"]
[Round "6"]
[Result "1/2-1/2"]
[Date "2006.07.27"]
[WhiteElo "2414"]
[BlackElo "2401"]
[PlyCount "128"]
[EventDate "2006.07.22"]
[EventType "team-tourn"]
[EventRounds "9"]
[EventCountry "POR"]
[SourceTitle "CBM 113 Extra"]
[Source "ChessBase"]
[SourceDate "2006.09.14"]
[SourceVersion "1"]
[SourceVersionDate "2006.09.14"]
[SourceQuality "1"]

1. Nf3 d5 2. d4 Nf6 3. c4 c6 4. e3 a6 5. Bd3 Bg4 6. Nbd2 e6 7. b3 Be7 8. Bb2 Nbd7 9. 0-0 0-0 10. Qc2 Bh5 11. Ne5 Bg6 12. Nxg6 hxg6 13. e4 dxe4 14. Nxe4 Nxe4 15. Bxe4 Nf6 16. Bf3 Qc7 17. Rfe1 Rfd8 18. Rad1 Rd7 19. g3 Rad8 20. h4 Ne8 21. c5 Nf6 22. Kg2 Nd5 23. Rxe6 fxe6 24. Bg4 Bf6 25. Bxe6+ Kf8 26. Qxg6 Re8 27. Bg4 Rf7 28. Qh5 Ke7 29. Qf5 Kd8 30. Bh5 Rfe7 31. Bxe8 Rxe8 32. Qf3 Re6 33. Bc1 Qe7 34. Bf4 Qe8 35. Bg5 Re2 36. Rd2 Re1 37. Bxf6+ Nxf6 38. Rd3 Nd5 39. Qg4 Qe7 40. Rf3 Nf6 41. Qg6 Qe2 42. Qd3 Qxa2 43. d5 cxd5 44. Rxf6 gxf6 45. Qxd5+ Kc8 46. c6 Re7 47. cxb7+ Rxb7 48. Qe6+ Rd7 49. Qc6+ Rc7 50. Qe8+ Kb7 51. Qe4+ Kb6 52. Qb4+ Kc6 53. Qc4+ Kd6 54. Qd3+ Ke6 55. Qe4+ Kd7 56. Qf5+ Ke7 57. Qh7+ Kd8 58. Qg8+ Kd7 59. Qf7+ Kc8 60. Qe6+ Rd7 61. Qc6+ Rc7 62. Qe8+ Kb7 63. Qe4+ Rc6 64. Qe7+ Rc7 1/2-1/2